000 01043cam a2200277 4500500
005 20260405000226.0
041 _afre
042 _adc
100 1 0 _aMoreau, Anne-Sophie
_eauthor
245 0 0 _aAtelier de réflexion : au bout de mes rêves
260 _c2022.
500 _a91
520 _aTrès attaché à la pleine souveraineté militaire du pays, le général de Gaulle décide, en mars 1966, du retrait de la France du commandement intégré de l’OTAN. Une décision lourde de conséquences mais qui n’a pas mis en cause l’appartenance de la France à l’Alliance atlantique.
690 _aAutonomie
690 _aBonheur
690 _aCarrière
690 _aEnvironnement de travail
690 _aGénérations
690 _aMotivation
690 _aSens
690 _aSouffrance au travail
690 _aTravail
690 _aValeurs
786 0 _nPhilonomist | - | 1 | 2022-11-15 | p. 36-39
856 4 1 _uhttps://shs.cairn.info/magazine-philonomist-2022-1-page-36?lang=fr&redirect-ssocas=7080
999 _c2034952
_d2034952